000
00306nam a22001337a 4500
008
171019b xxu||||| |||| 00| 0 eng d
020
_a
9780135539675
041
_a
eng
080
_a
338
100
_a
338
101
_a
MEN
245
_a
MANAGEMENT PRINCIPLES AND PRACTICE
_c
HOLT.D.H
942
_2
udc
_c
BK
999
_c
34924
_d
34924